000
00301nam a2200121Ia 4500
008
190216s9999||||xx |||||||||||||| ||und||
100
_a
Santhi Narayan
245
0
_a
Elements Of Elementary Algebraic Structures
260
_b
S Chand & Co
_c
1970
300
_a
134
650
_a
Mathematics
942
_c
BK
999
_c
30819
_d
30819